| 000 | 01004nam0a2200325 i 4500 | ||
|---|---|---|---|
| 001 | RU\NLR\bibl\1886896 | ||
| 005 | 20240726051710.0 | ||
| 010 |
_a9785904583118 _93000 |
||
| 021 |
_aRU _b2012-17822 _91347 |
||
| 035 | _a(nilc)RSL-KNO-005406693 | ||
| 035 | _a(NLR Aleph) 001876626 | ||
| 090 |
_a2733870 _c2733870 |
||
| 100 | _a20120319d2011 u y0rusy50 ca | ||
| 101 | 0 | _arus | |
| 102 | _aRU | ||
| 105 | _aa ||||||||| | ||
| 200 | 1 |
_aОдин на всех _eавтобиографическая повесть _fН. К. Имчук |
|
| 210 |
_aМосква _cПолиформ _d2011 |
||
| 215 |
_a61, [2] с. _cил., портр. _d22 |
||
| 686 |
_aЦ35(2)722-424.9,013 _2rubbk |
||
| 686 | _aШ6(2=Р)77англ. | ||
| 700 | 1 |
_aИмчук _bН. К. _gНиколай К _4070 |
|
| 801 | 0 |
_aRU _bRuMoRKP _c20120319 _grcr |
|
| 801 | 1 |
_aRU _bРГБ _c20120319 |
|
| 801 | 2 |
_aRU _bNLR _c20120403 _grcr |
|
| 942 | _cBOOK | ||
| 980 | _aNBR | ||